[Event "Poznan Chess Festival"]
[Site "chess24.com"]
[Date "2021.08.18"]
[Round "5"]
[White "Skrzypczak, Jakub"]
[Black "Nowak, Bartlomiej"]
[Result "1-0"]
[Board "40"]
[WhiteElo "1350"]
[WhiteCountry "POL"]
[WhiteFideId "1148079"]
[WhiteEloChange "3"]
[BlackElo "1063"]
[BlackCountry "POL"]
[BlackFideId "21093148"]
[BlackEloChange "-3"]

1. e4 {[%clk 1:30:30]} e6 {[%clk 1:30:30]} 2. d4 {[%clk 1:30:30]} c5 {[%clk
1:30:30]} 3. c3 {[%clk 1:30:30]} cxd4 {[%clk 1:30:30]} 4. cxd4 {[%clk 1:30:30]}
d5 {[%clk 1:30:30]} 5. e5 {[%clk 1:30:30]} Qb6 {[%clk 1:30:30]} 6. Nc3 {[%clk
1:30:30]} Bd7 {[%clk 1:30:30]} 7. Rb1 {[%clk 1:30:30]} Bb4 {[%clk 1:30:30]} 8.
Be3 {[%clk 1:30:30]} a6 {[%clk 1:30:30]} 9. a3 {[%clk 1:30:30]} Bxc3+ {[%clk
1:30:30]} 10. bxc3 {[%clk 1:30:30]} Qa5 {[%clk 1:30:30]} 11. Qb3 {[%clk 1:30:30]}
Bc6 {[%clk 1:30:30]} 12. Bd3 {[%clk 1:30:30]} Ne7 {[%clk 1:30:30]} 13. f4 {[%clk
1:30:30]} g6 {[%clk 1:30:30]} 14. Nf3 {[%clk 1:30:30]} b5 {[%clk 1:30:30]} 15.
O-O {[%clk 1:30:30]} O-O {[%clk 1:30:30]} 16. g4 {[%clk 1:30:30]} Nd7 {[%clk
1:30:30]} 17. Nh4 {[%clk 1:30:30]} f5 {[%clk 1:30:30]} 18. exf6 {[%clk 1:30:30]}
Nxf6 {[%clk 1:30:30]} 19. g5 {[%clk 1:30:30]} Nh5 {[%clk 1:30:30]} 20. Be2 {[%clk
1:30:30]} Ng7 {[%clk 1:30:30]} 21. Nf3 {[%clk 1:30:30]} Ngf5 {[%clk 1:30:30]} 22.
Bd2 {[%clk 1:30:30]} Qc7 {[%clk 1:30:30]} 23. Ne5 {[%clk 1:30:30]} Bb7 {[%clk
1:30:30]} 24. a4 {[%clk 1:30:30]} Nd6 {[%clk 1:30:30]} 25. axb5 {[%clk 1:30:30]}
axb5 {[%clk 1:30:30]} 26. Bxb5 {[%clk 1:30:30]} Nxb5 {[%clk 1:30:30]} 27. Qxb5
{[%clk 1:30:30]} Ba6 {[%clk 1:30:30]} 28. Qd7 {[%clk 1:30:30]} Qxd7 {[%clk
1:30:30]} 29. Nxd7 {[%clk 1:30:30]} Bxf1 {[%clk 1:30:30]} 30. Nxf8 {[%clk
1:30:30]} Bd3 {[%clk 1:30:30]} 31. Rb6 {[%clk 1:30:30]} Ra1+ {[%clk 1:30:30]} 32.
Kf2 {[%clk 1:30:30]} Kxf8 {[%clk 1:30:30]} 33. Rxe6 {[%clk 1:30:30]} Bf5 {[%clk
1:30:30]} 34. Re5 {[%clk 1:30:30]} Rh1 {[%clk 1:30:30]} 35. c4 {[%clk 1:30:30]}
Rxh2+ {[%clk 1:30:30]} 36. Ke3 {[%clk 1:30:30]} Rh3+ {[%clk 1:30:30]} 37. Kf2
{[%clk 1:30:30]} Rd3 {[%clk 1:30:30]} 38. Bb4 {[%clk 1:30:30]} Rxd4 {[%clk
1:30:30]} 39. Bxe7+ {[%clk 1:30:30]} Kf7 {[%clk 1:30:30]} 40. cxd5 {[%clk
1:30:30]} Rxf4+ {[%clk 1:30:30]} 41. Ke3 {[%clk 1:30:30]} Ra4 {[%clk 1:30:30]}
42. d6 {[%clk 1:30:30]} Be6 {[%clk 1:30:30]} 43. Bf6 {[%clk 1:30:30]} Ra7 {[%clk
1:30:30]} 44. Rc5 {[%clk 1:30:30]} Rd7 {[%clk 1:30:30]} 45. Be7 {[%clk 1:30:30]}
Kg7 {[%clk 1:30:30]} 46. Bf6+ {[%clk 1:30:30]} Kf7 {[%clk 1:30:30]} 47. Rc6
{[%clk 1:30:30]} Bd5 {[%clk 1:30:30]} 48. Rb6 {[%clk 1:30:30]} Ke6 {[%clk
1:30:30]} 49. Be7 {[%clk 1:30:30]} Rb7 {[%clk 1:30:30]} 50. Ra6 {[%clk 1:30:30]}
Rd7 {[%clk 1:30:30]} 51. Kd4 {[%clk 1:30:30]} Bg2 {[%clk 1:30:30]} 52. Ra2 {[%clk
1:30:30]} Bf3 {[%clk 1:30:30]} 53. Rf2 {[%clk 1:30:30]} Ra7 {[%clk 1:30:30]} 54.
Rxf3 {[%clk 1:30:30]} Ra4+ {[%clk 1:30:30]} 55. Kc5 {[%clk 1:30:30]} Ra5+ {[%clk
1:30:30]} 56. Kc6 {[%clk 1:30:30]} Ra6+ {[%clk 1:30:30]} 57. Kb7 {[%clk 1:30:30]}
Ra4 {[%clk 1:30:30]} 58. Rf6+ {[%clk 1:30:30]} Kd7 {[%clk 1:30:30]} 59. Rf7
{[%clk 1:30:30]} Rb4+ {[%clk 1:30:30]} 60. Ka6 {[%clk 1:30:30]} Kc6 {[%clk
1:30:30]} 61. Ka5 {[%clk 1:30:30]} Rb5+ {[%clk 1:30:30]} 62. Ka4 {[%clk 1:30:30]}
Rd5 {[%clk 1:30:30]} 63. Rxh7 {[%clk 1:30:30]} Rd4+ {[%clk 1:30:30]} 64. Kb3
{[%clk 1:30:30]} Kb5 {[%clk 1:30:30]} 65. Bf8 {[%clk 1:30:30]} Rd3+ {[%clk
1:30:30]} 66. Kc2 {[%clk 1:30:30]} Kc4 {[%clk 1:30:30]} 67. Rc7+ {[%clk 1:30:30]}
Kd4 {[%clk 1:30:30]} 68. Bg7+ {[%clk 1:30:30]} Ke4 {[%clk 1:30:30]} 69. Re7+
{[%clk 1:30:30]} 1-0

[Event "Poznan Chess Festival"]
[Site "chess24.com"]
[Date "2021.08.18"]
[Round "5"]
[White "Borkowski, Pawel"]
[Black "Michalska, Lena"]
[Result "1-0"]
[Board "44"]
[WhiteElo "1141"]
[WhiteCountry "POL"]
[WhiteFideId "21007306"]
[WhiteEloChange "13"]
[BlackElo "1231"]
[BlackCountry "POL"]
[BlackFideId "21012130"]
[BlackEloChange "-13"]

1. e4 {[%clk 1:30:30]} d5 {[%clk 1:30:30]} 2. exd5 {[%clk 1:30:30]} Nf6 {[%clk
1:30:30]} 3. d4 {[%clk 1:30:30]} Bg4 {[%clk 1:30:30]} 4. Bb5+ {[%clk 1:30:30]}
Bd7 {[%clk 1:30:30]} 5. Bxd7+ {[%clk 1:30:30]} Qxd7 {[%clk 1:30:30]} 6. Nf3
{[%clk 1:30:30]} g6 {[%clk 1:30:30]} 7. O-O {[%clk 1:30:30]} Bg7 {[%clk 1:30:30]}
8. Nc3 {[%clk 1:30:30]} O-O {[%clk 1:30:30]} 9. Ne5 {[%clk 1:30:30]} Qd8 {[%clk
1:30:30]} 10. f4 {[%clk 1:30:30]} Nxd5 {[%clk 1:30:30]} 11. Ne4 {[%clk 1:30:30]}
Nd7 {[%clk 1:30:30]} 12. Qd3 {[%clk 1:30:30]} N7f6 {[%clk 1:30:30]} 13. f5 {[%clk
1:30:30]} c6 {[%clk 1:30:30]} 14. Ng5 {[%clk 1:30:30]} Qd6 {[%clk 1:30:30]} 15.
Bf4 {[%clk 1:30:30]} Nxf4 {[%clk 1:30:30]} 16. Rxf4 {[%clk 1:30:30]} Nh5 {[%clk
1:30:30]} 17. Rh4 {[%clk 1:30:30]} Bxe5 {[%clk 1:30:30]} 18. Nxh7 {[%clk
1:30:30]} Kxh7 {[%clk 1:30:30]} 19. fxg6+ {[%clk 1:30:30]} Kg7 {[%clk 1:30:30]}
20. dxe5 {[%clk 1:30:30]} Qxd3 {[%clk 1:30:30]} 21. cxd3 {[%clk 1:30:30]} Kxg6
{[%clk 1:30:30]} 22. Rf1 {[%clk 1:30:30]} f5 {[%clk 1:30:30]} 23. Rf3 {[%clk
1:30:30]} e6 {[%clk 1:30:30]} 24. Kh1 {[%clk 1:30:30]} Rg8 {[%clk 1:30:30]} 25.
Rd4 {[%clk 1:30:30]} Rad8 {[%clk 1:30:30]} 26. Ra4 {[%clk 1:30:30]} a6 {[%clk
1:30:30]} 27. d4 {[%clk 1:30:30]} Rh8 {[%clk 1:30:30]} 28. Rb3 {[%clk 1:30:30]}
Rd7 {[%clk 1:30:30]} 29. Rab4 {[%clk 1:30:30]} Rhh7 {[%clk 1:30:30]} 30. g3
{[%clk 1:30:30]} Rhg7 {[%clk 1:30:30]} 31. Kg2 {[%clk 1:30:30]} Kh7 {[%clk
1:30:30]} 32. Kf3 {[%clk 1:30:30]} Kg8 {[%clk 1:30:30]} 33. d5 {[%clk 1:30:30]}
exd5 {[%clk 1:30:30]} 34. Rh4 {[%clk 1:30:30]} Rh7 {[%clk 1:30:30]} 35. g4 {[%clk
1:30:30]} fxg4+ {[%clk 1:30:30]} 36. Rxg4+ {[%clk 1:30:30]} Rhg7 {[%clk 1:30:30]}
37. e6 {[%clk 1:30:30]} Re7 {[%clk 1:30:30]} 38. Re3 {[%clk 1:30:30]} Rxg4 {[%clk
1:30:30]} 39. Kxg4 {[%clk 1:30:30]} Ng7 {[%clk 1:30:30]} 40. Rb3 {[%clk 1:30:30]}
Nxe6 {[%clk 1:30:30]} 41. h4 {[%clk 1:30:30]} Ng7 {[%clk 1:30:30]} 42. Rg3 {[%clk
1:30:30]} Re4+ {[%clk 1:30:30]} 43. Kh3 {[%clk 1:30:30]} Rxh4+ {[%clk 1:30:30]}
44. Kxh4 {[%clk 1:30:30]} Kf7 {[%clk 1:30:30]} 45. Rb3 {[%clk 1:30:30]} Nf5+
{[%clk 1:30:30]} 46. Kg5 {[%clk 1:30:30]} Nd6 {[%clk 1:30:30]} 47. Kf4 {[%clk
1:30:30]} Ke6 {[%clk 1:30:30]} 48. Rh3 {[%clk 1:30:30]} d4 {[%clk 1:30:30]} 49.
b3 {[%clk 1:30:30]} c5 {[%clk 1:30:30]} 50. Rh5 {[%clk 1:30:30]} b6 {[%clk
1:30:30]} 51. Rh6+ {[%clk 1:30:30]} Kd7 {[%clk 1:30:30]} 52. Rg6 {[%clk 1:30:30]}
a5 {[%clk 1:30:30]} 53. Ke5 {[%clk 1:30:30]} Nc8 {[%clk 1:30:30]} 54. Rg7+ {[%clk
1:30:30]} Kc6 {[%clk 1:30:30]} 55. a4 {[%clk 1:30:30]} d3 {[%clk 1:30:30]} 56.
Rg6+ {[%clk 1:30:30]} Kb7 {[%clk 1:30:30]} 57. Rg3 {[%clk 1:30:30]} Ne7 {[%clk
1:30:30]} 58. Rxd3 {[%clk 1:30:30]} Nc6+ {[%clk 1:30:30]} 59. Kf6 {[%clk
1:30:30]} Nd4 {[%clk 1:30:30]} 60. Ke7 {[%clk 1:30:30]} Kc7 {[%clk 1:30:30]} 61.
Rh3 {[%clk 1:30:30]} Nf5+ {[%clk 1:30:30]} 62. Ke6 {[%clk 1:30:30]} Nd4+ {[%clk
1:30:30]} 63. Kd5 {[%clk 1:30:30]} Kb7 {[%clk 1:30:30]} 64. Kc4 {[%clk 1:30:30]}
Kc7 {[%clk 1:30:30]} 65. Rh6 {[%clk 1:30:30]} Kb7 {[%clk 1:30:30]} 66. Rh3 {[%clk
1:30:30]} Kc6 {[%clk 1:30:30]} 67. Rh8 {[%clk 1:30:30]} Kc7 {[%clk 1:30:30]} 68.
Kd5 {[%clk 1:30:30]} Nxb3 {[%clk 1:30:30]} 69. Rh7+ {[%clk 1:30:30]} Kd8 {[%clk
1:30:30]} 70. Kc6 {[%clk 1:30:30]} c4 {[%clk 1:30:30]} 71. Kxb6 {[%clk 1:30:30]}
c3 {[%clk 1:30:30]} 72. Rc7 {[%clk 1:30:30]} c2 {[%clk 1:30:30]} 73. Rxc2 {[%clk
1:30:30]} Nd4 {[%clk 1:30:30]} 74. Rd2 {[%clk 1:30:30]} 1-0

[Event "Poznan Chess Festival"]
[Site "chess24.com"]
[Date "2021.08.18"]
[Round "5"]
[White "Czyzewski, Olgierd"]
[Black "Wojciechowski, Szymon"]
[Result "0-1"]
[Board "45"]
[WhiteElo "1104"]
[WhiteCountry "POL"]
[WhiteFideId "21899690"]
[WhiteEloChange "-7"]
[BlackElo "1207"]
[BlackCountry "POL"]
[BlackFideId "21055505"]
[BlackEloChange "7"]

1. c4 {[%clk 1:30:30]} Nc6 {[%clk 1:30:30]} 2. Nc3 {[%clk 1:30:30]} Nf6 {[%clk
1:30:30]} 3. g3 {[%clk 1:30:30]} d5 {[%clk 1:30:30]} 4. cxd5 {[%clk 1:30:30]}
Nxd5 {[%clk 1:30:30]} 5. Bg2 {[%clk 1:30:30]} e6 {[%clk 1:30:30]} 6. Nf3 {[%clk
1:30:30]} Bc5 {[%clk 1:30:30]} 7. O-O {[%clk 1:30:30]} Nf6 {[%clk 1:30:30]} 8. a3
{[%clk 1:30:30]} a5 {[%clk 1:30:30]} 9. d3 {[%clk 1:30:30]} e5 {[%clk 1:30:30]}
10. Kh1 {[%clk 1:30:30]} h6 {[%clk 1:30:30]} 11. Qc2 {[%clk 1:30:30]} Ba7 {[%clk
1:30:30]} 12. Ne1 {[%clk 1:30:30]} Nd4 {[%clk 1:30:30]} 13. Qa4+ {[%clk 1:30:30]}
b5 {[%clk 1:30:30]} 14. Qxa5 {[%clk 1:30:30]} Bh3 {[%clk 1:30:30]} 15. Ne4 {[%clk
1:30:30]} Bxg2+ {[%clk 1:30:30]} 16. Nxg2 {[%clk 1:30:30]} Bb6 {[%clk 1:30:30]}
17. Qc3 {[%clk 1:30:30]} Nd5 {[%clk 1:30:30]} 18. Qd2 {[%clk 1:30:30]} Nb3 {[%clk
1:30:30]} 19. Qc2 {[%clk 1:30:30]} Nxa1 {[%clk 1:30:30]} 20. Qc6+ {[%clk
1:30:30]} Ke7 {[%clk 1:30:30]} 21. f4 {[%clk 1:30:30]} Qd7 {[%clk 1:30:30]} 22.
Qxd7+ {[%clk 1:30:30]} Kxd7 {[%clk 1:30:30]} 23. fxe5 {[%clk 1:30:30]} Rhf8
{[%clk 1:30:30]} 24. Nf4 {[%clk 1:30:30]} Nxf4 {[%clk 1:30:30]} 25. Bxf4 {[%clk
1:30:30]} Nb3 {[%clk 1:30:30]} 26. Nc3 {[%clk 1:30:30]} c6 {[%clk 1:30:30]} 27.
e3 {[%clk 1:30:30]} g5 {[%clk 1:30:30]} 28. Bxg5 {[%clk 1:30:30]} hxg5 {[%clk
1:30:30]} 29. Rf6 {[%clk 1:30:30]} Bxe3 {[%clk 1:30:30]} 0-1

[Event "Poznan Chess Festival"]
[Site "chess24.com"]
[Date "2021.08.18"]
[Round "5"]
[White "Podobinski, Piotr"]
[Black "Maciejski, Pawel"]
[Result "1-0"]
[Board "49"]
[WhiteElo "1130"]
[WhiteCountry "POL"]
[WhiteFideId "21063141"]
[WhiteEloChange "17"]
[BlackElo "1438"]
[BlackCountry "POL"]
[BlackFideId "21802890"]
[BlackEloChange "-17"]

1. e4 {[%clk 1:30:30]} c6 {[%clk 1:30:30]} 2. d4 {[%clk 1:30:30]} d5 {[%clk
1:30:30]} 3. exd5 {[%clk 1:30:30]} cxd5 {[%clk 1:30:30]} 4. Nf3 {[%clk 1:30:30]}
Nc6 {[%clk 1:30:30]} 5. c3 {[%clk 1:30:30]} Nf6 {[%clk 1:30:30]} 6. Bd3 {[%clk
1:30:30]} g6 {[%clk 1:30:30]} 7. h3 {[%clk 1:30:30]} Bg7 {[%clk 1:30:30]} 8. O-O
{[%clk 1:30:30]} O-O {[%clk 1:30:30]} 9. Bf4 {[%clk 1:30:30]} Bf5 {[%clk
1:30:30]} 10. Bxf5 {[%clk 1:30:30]} gxf5 {[%clk 1:30:30]} 11. Nbd2 {[%clk
1:30:30]} e6 {[%clk 1:30:30]} 12. Re1 {[%clk 1:30:30]} Ne4 {[%clk 1:30:30]} 13.
Nh2 {[%clk 1:30:30]} Qh4 {[%clk 1:30:30]} 14. Nxe4 {[%clk 1:30:30]} Qxf4 {[%clk
1:30:30]} 15. Nc5 {[%clk 1:30:30]} Qd6 {[%clk 1:30:30]} 16. Nxb7 {[%clk 1:30:30]}
Qc7 {[%clk 1:30:30]} 17. Nc5 {[%clk 1:30:30]} Kh8 {[%clk 1:30:30]} 18. Nd3 {[%clk
1:30:30]} Rg8 {[%clk 1:30:30]} 19. Nf3 {[%clk 1:30:30]} Rae8 {[%clk 1:30:30]} 20.
Nfe5 {[%clk 1:30:30]} f6 {[%clk 1:30:30]} 21. Nxc6 {[%clk 1:30:30]} Qxc6 {[%clk
1:30:30]} 22. Qf3 {[%clk 1:30:30]} Bf8 {[%clk 1:30:30]} 23. Re2 {[%clk 1:30:30]}
Bd6 {[%clk 1:30:30]} 24. Rae1 {[%clk 1:30:30]} Bc7 {[%clk 1:30:30]} 25. g3 {[%clk
1:30:30]} Rg7 {[%clk 1:30:30]} 26. Kh1 {[%clk 1:30:30]} e5 {[%clk 1:30:30]} 27.
dxe5 {[%clk 1:30:30]} fxe5 {[%clk 1:30:30]} 28. Nxe5 {[%clk 1:30:30]} Qh6 {[%clk
1:30:30]} 29. Nf7+ {[%clk 1:30:30]} 1-0

[Event "Poznan Chess Festival"]
[Site "chess24.com"]
[Date "2021.08.18"]
[Round "5"]
[White "Lesien, Chryzostom"]
[Black "Miedziak, Mikolaj"]
[Result "1-0"]
[Board "50"]
[WhiteElo "1063"]
[WhiteCountry "POL"]
[WhiteFideId "21836892"]
[WhiteEloChange "13"]
[BlackElo "1181"]
[BlackCountry "POL"]
[BlackFideId "21070580"]
[BlackEloChange "-13"]

1. e4 {[%clk 1:30:30]} c5 {[%clk 1:30:30]} 2. Nf3 {[%clk 1:30:30]} e6 {[%clk
1:30:30]} 3. Bc4 {[%clk 1:30:30]} a6 {[%clk 1:30:30]} 4. a4 {[%clk 1:30:30]} Qc7
{[%clk 1:30:30]} 5. Nc3 {[%clk 1:30:30]} Nf6 {[%clk 1:30:30]} 6. d3 {[%clk
1:30:30]} d6 {[%clk 1:30:30]} 7. O-O {[%clk 1:30:30]} b6 {[%clk 1:30:30]} 8. Qe2
{[%clk 1:30:30]} Bb7 {[%clk 1:30:30]} 9. Bg5 {[%clk 1:30:30]} Nbd7 {[%clk
1:30:30]} 10. Rfe1 {[%clk 1:30:30]} O-O-O {[%clk 1:30:30]} 11. d4 {[%clk
1:30:30]} d5 {[%clk 1:30:30]} 12. exd5 {[%clk 1:30:30]} exd5 {[%clk 1:30:30]} 13.
Bxa6 {[%clk 1:30:30]} Re8 {[%clk 1:30:30]} 14. Qxe8+ {[%clk 1:30:30]} 1-0

[Event "Poznan Chess Festival"]
[Site "chess24.com"]
[Date "2021.08.19"]
[Round "6"]
[White "Chojnacki, Krzysztof"]
[Black "Niekras, Dawid"]
[Result "1/2-1/2"]
[Board "1"]
[WhiteElo "2381"]
[WhiteTitle "IM"]
[WhiteCountry "POL"]
[WhiteFideId "1114115"]
[WhiteEloChange "-3"]
[BlackElo "2289"]
[BlackTitle "FM"]
[BlackCountry "POL"]
[BlackFideId "1160451"]
[BlackEloChange "3"]

1. d4 {[%clk 1:30:56]} Nf6 {[%clk 1:30:53]} 2. c4 {[%clk 1:31:19]} g6 {[%clk
1:31:17]} 3. Nc3 {[%clk 1:31:38]} Bg7 {[%clk 1:31:39]} 4. e4 {[%clk 1:31:51]} d6
{[%clk 1:32:03]} 5. Nf3 {[%clk 1:32:08]} O-O {[%clk 1:32:15]} 6. Be2 {[%clk
1:32:27]} e5 {[%clk 1:32:11]} 7. Be3 {[%clk 1:32:49]} Na6 {[%clk 1:32:09]} 8. O-O
{[%clk 1:25:24]} Ng4 {[%clk 1:32:01]} 9. Bg5 {[%clk 1:24:55]} Qe8 {[%clk
1:32:11]} 10. h3 {[%clk 1:17:32]} exd4 {[%clk 1:22:42]} 11. Nxd4 {[%clk 1:15:54]}
h6 {[%clk 1:13:38]} 12. Bc1 {[%clk 1:10:34]} Nf6 {[%clk 1:11:35]} 13. Bf3 {[%clk
1:09:23]} Nc5 {[%clk 0:55:41]} 14. Re1 {[%clk 1:07:23]} Nfd7 {[%clk 0:52:04]} 15.
Be3 {[%clk 0:57:01]} Nb6 {[%clk 0:36:07]} 16. b3 {[%clk 0:46:22]} a5 {[%clk
0:23:53]} 17. Rc1 {[%clk 0:42:59]} Bd7 {[%clk 0:15:28]} 18. Ndb5 {[%clk 0:37:45]}
Bxb5 {[%clk 0:12:05]} 19. Nxb5 {[%clk 0:36:46]} Qe7 {[%clk 0:12:00]} 20. Qd2
{[%clk 0:21:14]} Rfd8 {[%clk 0:10:33]} 21. g3 {[%clk 0:21:14]} Kh7 {[%clk
0:10:33]} 1/2-1/2

[Event "Poznan Chess Festival"]
[Site "chess24.com"]
[Date "2021.08.19"]
[Round "6"]
[White "Maj, Pawel"]
[Black "Poltorak, Sebastian"]
[Result "1/2-1/2"]
[Board "2"]
[WhiteElo "2113"]
[WhiteCountry "POL"]
[WhiteFideId "21818290"]
[WhiteEloChange "3"]
[BlackElo "2205"]
[BlackCountry "POL"]
[BlackFideId "1199498"]
[BlackEloChange "-3"]

1. d4 {[%clk 1:30:58]} Nf6 {[%clk 1:30:46]} 2. c4 {[%clk 1:31:22]} e6 {[%clk
1:31:08]} 3. Nc3 {[%clk 1:31:47]} Bb4 {[%clk 1:31:33]} 4. Qc2 {[%clk 1:32:11]} d5
{[%clk 1:31:57]} 5. cxd5 {[%clk 1:32:35]} Qxd5 {[%clk 1:32:13]} 6. e3 {[%clk
1:32:47]} c5 {[%clk 1:29:15]} 7. Bd2 {[%clk 1:32:05]} Bxc3 {[%clk 1:27:34]} 8.
Bxc3 {[%clk 1:32:27]} cxd4 {[%clk 1:19:41]} 9. Bxd4 {[%clk 1:30:44]} Nc6 {[%clk
1:19:51]} 10. Bc3 {[%clk 1:28:57]} e5 {[%clk 1:05:29]} 11. Nf3 {[%clk 1:25:33]}
Bg4 {[%clk 1:03:24]} 12. Be2 {[%clk 1:21:15]} O-O {[%clk 1:00:25]} 13. h3 {[%clk
1:11:35]} Bh5 {[%clk 0:56:46]} 14. O-O {[%clk 1:07:17]} Bg6 {[%clk 0:45:40]} 15.
Qb3 {[%clk 1:03:31]} Qxb3 {[%clk 0:37:19]} 16. axb3 {[%clk 1:03:54]} e4 {[%clk
0:31:55]} 17. Ne5 {[%clk 1:01:19]} Nxe5 {[%clk 0:29:12]} 18. Bxe5 {[%clk
1:01:42]} Nd7 {[%clk 0:26:32]} 19. Bd4 {[%clk 1:01:48]} a6 {[%clk 0:26:27]} 20.
Rfc1 {[%clk 1:01:31]} Rac8 {[%clk 0:24:34]} 21. Bc4 {[%clk 0:58:32]} Rfd8 {[%clk
0:21:10]} 22. Rc3 {[%clk 0:50:45]} Nb8 {[%clk 0:19:17]} 23. Rac1 {[%clk 0:49:54]}
Nc6 {[%clk 0:18:45]} 24. Bxa6 {[%clk 0:42:52]} bxa6 {[%clk 0:19:08]} 25. Rxc6
{[%clk 0:43:15]} Bf5 {[%clk 0:18:54]} 26. R1c3 {[%clk 0:42:41]} Rxc6 {[%clk
0:18:12]} 27. Rxc6 {[%clk 0:43:04]} Ra8 {[%clk 0:18:30]} 28. Kh2 {[%clk 0:38:28]}
Bd7 {[%clk 0:18:14]} 29. Rc7 {[%clk 0:36:19]} Bb5 {[%clk 0:18:33]} 30. Kg3 {[%clk
0:35:59]} Re8 {[%clk 0:18:12]} 31. h4 {[%clk 0:34:09]} h6 {[%clk 0:16:44]} 32.
Kf4 {[%clk 0:34:14]} Bd3 {[%clk 0:15:49]} 33. g4 {[%clk 0:32:56]} Rb8 {[%clk
0:14:40]} 34. Rc3 {[%clk 0:31:14]} Re8 {[%clk 0:14:13]} 35. Rc5 {[%clk 0:28:44]}
Kh7 {[%clk 0:13:42]} 36. Rc7 {[%clk 0:28:56]} Kg8 {[%clk 0:14:01]} 37. b4 {[%clk
0:28:34]} Rb8 {[%clk 0:14:07]} 38. Bc3 {[%clk 0:28:37]} Re8 {[%clk 0:13:59]} 39.
g5 {[%clk 0:28:18]} hxg5+ {[%clk 0:13:27]} 40. hxg5 {[%clk 0:28:42]} Re6 {[%clk
0:13:39]} 41. Bd4 {[%clk 0:27:48]} Bb1 {[%clk 0:12:58]} 42. Kf5 {[%clk 0:26:07]}
Bd3 {[%clk 0:12:45]} 43. Rc8+ {[%clk 0:25:28]} Kh7 {[%clk 0:13:10]} 44. Bc5
{[%clk 0:24:23]} Rg6 {[%clk 0:11:06]} 45. Bd4 {[%clk 0:21:19]} Re6 {[%clk
0:11:12]} 46. Rd8 {[%clk 0:21:23]} Rc6 {[%clk 0:11:05]} 47. Be5 {[%clk 0:19:35]}
Re6 {[%clk 0:10:54]} 48. f4 {[%clk 0:18:28]} Re7 {[%clk 0:07:34]} 49. Kg4 {[%clk
0:17:47]} Be2+ {[%clk 0:07:58]} 50. Kg3 {[%clk 0:17:59]} Bb5 {[%clk 0:07:48]} 51.
Bc3 {[%clk 0:17:36]} Re8 {[%clk 0:07:38]} 52. Rd5 {[%clk 0:17:32]} Kg6 {[%clk
0:07:21]} 53. Rd2 {[%clk 0:14:00]} f6 {[%clk 0:05:01]} 54. Kg4 {[%clk 0:12:45]}
f5+ {[%clk 0:04:58]} 55. Kg3 {[%clk 0:13:06]} Bd3 {[%clk 0:05:25]} 56. Rh2 {[%clk
0:12:37]} Rc8 {[%clk 0:05:49]} 57. Rh1 {[%clk 0:12:10]} Bb5 {[%clk 0:05:23]} 58.
Rh2 {[%clk 0:10:20]} Bd3 {[%clk 0:05:38]} 59. Rh1 {[%clk 0:10:45]} Bb5 {[%clk
0:06:03]} 60. Rh2 {[%clk 0:10:45]} 1/2-1/2

[Event "Poznan Chess Festival"]
[Site "chess24.com"]
[Date "2021.08.19"]
[Round "6"]
[White "Nowak, Mikolaj"]
[Black "Lanin, Boris Dr"]
[Result "1-0"]
[Board "3"]
[WhiteElo "2313"]
[WhiteCountry "POL"]
[WhiteFideId "1191365"]
[WhiteEloChange "2"]
[BlackElo "1949"]
[BlackCountry "RUS"]
[BlackFideId "4198166"]
[BlackEloChange "-2"]

1. d4 {[%clk 1:30:59]} Nf6 {[%clk 1:28:29]} 2. Nf3 {[%clk 1:31:18]} g6 {[%clk
1:28:53]} 3. c4 {[%clk 1:31:44]} Bg7 {[%clk 1:29:18]} 4. e3 {[%clk 1:32:11]} d6
{[%clk 1:29:16]} 5. Nc3 {[%clk 1:32:34]} O-O {[%clk 1:29:23]} 6. Be2 {[%clk
1:33:01]} Nbd7 {[%clk 1:29:25]} 7. O-O {[%clk 1:33:24]} e5 {[%clk 1:27:43]} 8.
Qc2 {[%clk 1:33:45]} c6 {[%clk 1:26:40]} 9. Rd1 {[%clk 1:33:13]} Qc7 {[%clk
1:15:48]} 10. b4 {[%clk 1:30:57]} a6 {[%clk 1:12:43]} 11. a4 {[%clk 1:29:52]} Re8
{[%clk 1:12:03]} 12. Ba3 {[%clk 1:29:45]} e4 {[%clk 1:11:45]} 13. Nd2 {[%clk
1:29:27]} d5 {[%clk 1:10:53]} 14. Rdc1 {[%clk 1:28:35]} Qd8 {[%clk 1:09:18]} 15.
b5 {[%clk 1:27:47]} Nf8 {[%clk 1:06:54]} 16. bxc6 {[%clk 1:25:46]} bxc6 {[%clk
1:07:22]} 17. a5 {[%clk 1:25:51]} h5 {[%clk 1:06:53]} 18. Rcb1 {[%clk 1:19:27]}
N8h7 {[%clk 1:04:04]} 19. Rb6 {[%clk 1:16:53]} Re6 {[%clk 1:03:48]} 20. Na4
{[%clk 1:15:08]} Nd7 {[%clk 1:03:14]} 21. cxd5 {[%clk 1:14:21]} cxd5 {[%clk
1:02:56]} 22. Rxe6 {[%clk 1:14:33]} fxe6 {[%clk 1:03:22]} 23. Qc6 {[%clk
1:13:56]} Rb8 {[%clk 1:03:38]} 24. Qxe6+ {[%clk 1:12:39]} Kh8 {[%clk 1:04:01]}
25. Qxd5 {[%clk 1:11:17]} Bb7 {[%clk 1:03:05]} 26. Qa2 {[%clk 1:04:16]} Qg5
{[%clk 1:00:18]} 27. Nc5 {[%clk 1:02:07]} Nxc5 {[%clk 0:57:38]} 28. Bxc5 {[%clk
1:00:53]} Re8 {[%clk 0:55:41]} 29. Rb1 {[%clk 0:58:05]} Bd5 {[%clk 0:55:14]} 30.
Bc4 {[%clk 0:57:12]} Nf6 {[%clk 0:55:12]} 31. Bxd5 {[%clk 0:51:33]} Nxd5 {[%clk
0:55:23]} 32. Qc2 {[%clk 0:50:35]} Qf5 {[%clk 0:53:30]} 33. Nc4 {[%clk 0:49:29]}
Re6 {[%clk 0:47:23]} 34. Nb6 {[%clk 0:41:36]} Nf6 {[%clk 0:45:41]} 35. Rd1 {[%clk
0:40:56]} h4 {[%clk 0:41:43]} 36. h3 {[%clk 0:33:10]} g5 {[%clk 0:36:50]} 37. f3
{[%clk 0:31:01]} Nh5 {[%clk 0:36:17]} 38. d5 {[%clk 0:29:30]} Re8 {[%clk
0:33:34]} 39. d6 {[%clk 0:28:21]} Bf6 {[%clk 0:33:08]} 40. d7 {[%clk 0:27:49]}
Rd8 {[%clk 0:32:46]} 41. Rd5 {[%clk 0:26:47]} 1-0